Légendes du Football africaines - Statistiques

Statistiques générales
  • Ce quiz a été pris 60 fois
  • Le résultat moyen est 17 sur 47
Statistiques - réponses
Nationalité Joueur Club du Prime % Correct
Egypte Mohamed Salah Liverpool FC
93%
Sénégal Sadio Mané Liverpool FC
93%
Côte d'Ivoire Didier Drogba Chelsea FC
85%
Côte d'Ivoire Yaya Touré Manchester City
84%
Maroc Achraf Hakimi Paris Saint-Germain
78%
Cameroun Samuel Eto'o FC Barcelone
78%
Côte d'Ivoire Kolo Touré Arsenal FC
76%
Algérie Riyad Mahrez Manchester City
73%
Liberia George Weah Paris Saint-Germain
56%
Gabon Pierre-Emerick Aubameyang Borussia Dortmund
56%
Ghana Michael Essien Chelsea FC
55%
Guinée Naby Keïta Liverpool FC
53%
Nigeria Victor Osimhen SSC Napoli
53%
Mali Salif Keita AS Saint-Etienne
51%
Sénégal Mamadou Niang Olympique de Marseille
45%
Togo Emmanuel Adebayor Arsenal FC
44%
Sénégal Kalidou Koulibaly SSC Napoli
42%
Maroc Yassine Bounou Séville FC
40%
Burkina-Faso Bertrand Traoré Olympique Lyonnais
38%
Tunisie Wahbi Khazri AS Saint-Etienne
38%
RD Congo Cédric Bakambu Villarreal CF
36%
Centrafrique Geoffrey Kondogbia Altético Madrid
36%
Maroc Medhi Benatia Juventus Turin
36%
Egypte Mahmoud Trezeguet Aston Villa
35%
Sénégal El Hadji Diouf Liverpool FC
33%
RD Congo Chancel Mbemba Olympique de Marseille
31%
Algérie Rabah Madjer FC Porto
31%
Maroc Youssef En-Nesyri Séville FC
31%
Côte d'Ivoire Gervinho AS Rome
29%
Nigeria Jay-Jay Okocha Bolton Wanderers
29%
Mali Frédéric Kanouté Séville FC
22%
Ghana Asamoah Gyan Stade Rennais
20%
Mali Mahamadou Diarra Olympique Lyonnais
20%
Côte d'Ivoire Salomon Kalou Chelsea FC
20%
Cameroun Vincent Aboubakar FC Porto
20%
Kenya Victor Wanyama Tottenham Hotspurs
16%
Sénégal Papa Bouba Diop RC Lens
11%
Nigeria Victor Moses Chelsea FC
11%
Tchad Japhet N'Doram FC Nantes
9%
Ghana Kevin-Prince Boateng Hertha Berlin
9%
Tunisie Youssef Msakni Al-Duhail SC
9%
Zimbabwe Bruce Grobbelaar Liverpool FC
5%
Egypte Hossam Hassan Al-Ahly Le Caire
5%
Cameroun Roger Milla AS Saint-Etienne
5%
Afrique du Sud Siphiwe Tshabalala Kaizer Chiefs FC
5%
Zambie Stoppila Sunzu FC Metz
2%
Maroc Ahmed Faras Chabab Mohammédia
0%
Aucun quiz correspondant
Distribution des résultats
% des personnes avec chaque résultat
Percentile par nombre de réponses
Votre historique - résultats
Vous n’avez pas pris ce quiz